Shakespeare without tears

Guardat en:
Dades bibliogràfiques
Autor principal: Webster, Margaret
Format: Llibre
Idioma:Undetermined
Publicat: New York, Estados Unidos Fawcett Publications 1957
Matèries:
Etiquetes: Afegir etiqueta
Sense etiquetes, Sigues el primer a etiquetar aquest registre!

MARC

LEADER 00000nam a2200000Ia 4500
008 170316s9999 xx 000 0 und d
040 |a cru BVZT 
090 |a C-820 W-2s 
100 |a Webster, Margaret 
245 |a Shakespeare without tears 
260 |a New York, Estados Unidos 
260 |b Fawcett Publications 
260 |c 1957 
300 |a 240 páginas 
650 |a LITERATURA INGLESA 
650 |a CRÍTICA 
999 |c 12932  |d 12932 
942 |c 15 D  |h C-820 W-2s  |2 z